Score 0/16 Timer 05:00
4 Plays Today
Hint Answer % Correct
Eyelid
97.2%
Adam's Apple
90.7%
Pelvis
90.5%
Thorax
89.7%
Lip
86.6%
Hamstring
83%
Finger
82.9%
Belly
79.3%
Hint Answer % Correct
Forehead
75.5%
Brain
72.3%
Arm
70.5%
Elbow
70.2%
Ear
67.1%
Toenail
65.5%
Kidney
62.6%
Coccyx
50.4%
Remove Ads.
Support Sporcle.
Get the best of Sporcle when you Go Orange. This ad-free experience offers more features, more stats, and more fun while also helping to support Sporcle. Thank you for becoming a member.

You're not logged in!

Compare scores with friends on all Sporcle quizzes.
OR
Log In

Show Comments

Extras

Top Quizzes Today


Score Distribution

Your Account Isn't Verified!

In order to create a playlist on Sporcle, you need to verify the email address you used during registration. Go to your Sporcle Settings to finish the process.

Report this User

Report this user for behavior that violates our Community Guidelines.

Details: